Statistics for History by Picture - E

Click here to take the quiz!

General Stats

  • This quiz has been taken 23,912 times
    (23,636 since last reset)
  • The average score is 12 of 18

Answer Stats

Answer% Correct
Egypt
99%
Albert Einstein
99%
Elvis Presley
97%
Eiffel Tower
97%
Queen Elizabeth
91%
Empire State Building
84%
Emperor
76%
East Germany
73%
{Ellis} Island
68%
Enigma
66%
Ethiopia
53%
Pablo Escobar
50%
East Indies
46%
Elm
42%
{Erie} Canal
40%
Euclid
37%
Edo
35%
Etruscan
35%

Score Distribution

Percentile by Number Answered

Percent of People with Each Score

Your Score History

You have not taken this quiz since the last reset